An Assessment of the Role of Information Technology in the Enhancement of Sustainable Competitive Advantage Among SACCOS in Kisii County, Kenya (Record no. 216045)
[ view plain ]
| 000 -LEADER | |
|---|---|
| fixed length control field | 00747nam a22001577a 4500 |
| 008 - FIXED-LENGTH DATA ELEMENTS--GENERAL INFORMATION | |
| fixed length control field | 250820b |||||||| |||| 00| 0 eng d |
| 050 ## - LIBRARY OF CONGRESS CALL NUMBER | |
| Classification number | THE 3284 .M36 2012 |
| Item number | C.1 |
| 100 ## - MAIN ENTRY--PERSONAL NAME | |
| Personal name | Mang'ana, Mabeya Elias |
| 245 ## - TITLE STATEMENT | |
| Title | An Assessment of the Role of Information Technology in the Enhancement of Sustainable Competitive Advantage Among SACCOS in Kisii County, Kenya |
| 260 ## - PUBLICATION, DISTRIBUTION, ETC. | |
| Place of publication, distribution, etc. | Kisii |
| Name of publisher, distributor, etc. | Kisii University |
| Date of publication, distribution, etc. | 2012 |
| 300 ## - PHYSICAL DESCRIPTION | |
| Extent | xiv, 52p.:ill. |
| 500 ## - GENERAL NOTE | |
| General note | Includes bibliographical references |
| 650 ## - SUBJECT ADDED ENTRY | |
| Topical term or geographic name entry element | 1. Savings and credit cooperatives—Kenya—Kisii County. 2. Financial institutions—Kenya—Automation. 3. Cooperative societies—Kenya—Management. 4. Competitive advantage (Business)—Kenya. |
| 942 ## - ADDED ENTRY ELEMENTS (KOHA) | |
| Source of classification or shelving scheme | Library of Congress Classification |
| Koha item type | Reference |
| Withdrawn status | Lost status | Source of classification or shelving scheme | Damaged status | Not for loan | Collection | Home library | Current library | Date acquired | Inventory number | Total checkouts | Full call number | Barcode | Date last seen | Copy number | Price effective from | Koha item type |
|---|---|---|---|---|---|---|---|---|---|---|---|---|---|---|---|---|
| Library of Congress Classification | Special Research | Kisii University Library | Kisii University Library | 08/20/2025 | 109446 | THE HG 3284 .M36 2012 | 000000024830 | 08/20/2025 | C.1 | 08/20/2025 | Reference |